Sports Quiz

Random Sports Quiz
Score 0/93 Timer 04:00
0 Plays Today
Year Champion % Correct
1965-1966FC Zurich
100%
1969-1970FC Zurich
100%
1971-1972FC Zurich
100%
1972-1973FC Zurich
100%
1975-1976FC Zurich
100%
1999-2000FC Zurich
100%
2004-2005FC Zurich
100%
2013-2014FC Zurich
100%
2015-2016FC Zurich
100%
2017-2018FC Zurich
100%
1932-1933FC Basel
96.3%
1946-1947FC Basel
96.3%
1962-1963FC Basel
96.3%
1966-1967FC Basel
96.3%
1974-1975FC Basel
96.3%
2001-2002FC Basel
96.3%
2002-2003FC Basel
96.3%
2006-2007FC Basel
96.3%
2007-2008FC Basel
96.3%
2009-2010FC Basel
96.3%
2011-2012FC Basel
96.3%
2016-2017FC Basel
96.3%
1964-1965FC Sion
77.8%
1973-1974FC Sion
77.8%
1979-1980FC Sion
77.8%
1981-1982FC Sion
77.8%
1985-1986FC Sion
77.8%
1990-1991FC Sion
77.8%
1994-1995FC Sion
77.8%
1995-1996FC Sion
77.8%
1996-1997FC Sion
77.8%
Year Champion % Correct
2005-2006FC Sion
77.8%
2008-2009FC Sion
77.8%
2010-2011FC Sion
77.8%
2014-2015FC Sion
77.8%
1959-1960FC Luzern
59.3%
1991-1992FC Luzern
59.3%
1930-1931FC Lugano
55.6%
1967-1968FC Lugano
55.6%
1992-1993FC Lugano
55.6%
1925-1926Grasshopper CZ
51.9%
1926-1927Grasshopper CZ
51.9%
1927-1928Servette FCG
51.9%
1931-1932Grasshopper CZ
51.9%
1933-1934Grasshopper CZ
51.9%
1936-1937Grasshopper CZ
51.9%
1937-1938Grasshopper CZ
51.9%
1939-1940Grasshopper CZ
51.9%
1940-1941Grasshopper CZ
51.9%
1941-1942Grasshopper CZ
51.9%
1942-1943Grasshopper CZ
51.9%
1945-1946Grasshopper CZ
51.9%
1948-1949Servette FCG
51.9%
1951-1952Grasshopper CZ
51.9%
1955-1956Grasshopper CZ
51.9%
1970-1971Servette FCG
51.9%
1977-1978Servette FCG
51.9%
1978-1979Servette FCG
51.9%
1982-1983Grasshopper CZ
51.9%
1987-1988Grasshopper CZ
51.9%
1988-1989Grasshopper CZ
51.9%
1989-1990Grasshopper CZ
51.9%
Year Champion % Correct
1993-1994Grasshopper CZ
51.9%
2012-2013Grasshopper CZ
51.9%
1929-1930BSC Young Boys
48.1%
1944-1945BSC Young Boys
48.1%
1952-1953BSC Young Boys
48.1%
1957-1958BSC Young Boys
48.1%
1976-1977BSC Young Boys
48.1%
1986-1987BSC Young Boys
48.1%
1983-1984ServetteFCG
44.4%
1984-1985FC Aarau
40.7%
2000-2001Servette CZ
40.7%
2003-2004FC Wil
33.3%
1934-1935FC Lausanne Sport
25.9%
1938-1939FC Lausanne Sport
25.9%
1943-1944FC Lausanne Sport
25.9%
1949-1950FC Lausanne Sport
25.9%
1961-1962FC Lausanne Sport
25.9%
1963-1964FC Lausanne Sport
25.9%
1968-1969FC St. Gallen
25.9%
1980-1981FC Lausanne Sport
25.9%
1997-1998FC Lausanne Sport
25.9%
1998-1999FC Lausanne Sport
25.9%
1947-1948FC La Chaux-de-Fonds
22.2%
1950-1951FC La Chaux-de-Fonds
22.2%
1953-1954FC La Chaux-de-Fonds
22.2%
1954-1955FC La Chaux-de-Fonds
22.2%
1956-1957FC La Chaux-de-Fonds
22.2%
1958-1959FC Grenchen
22.2%
1960-1961FC La Chaux-de-Fonds
22.2%
1935-1936SC Young Fellows Juventus
18.5%
1928-1929Urania Geneve Sport
14.8%
Remove Ads.
Support Sporcle.
Get the best of Sporcle when you Go Orange. This ad-free experience offers more features, more stats, and more fun while also helping to support Sporcle. Thank you for becoming a member.

You're not logged in!

Compare scores with friends on all Sporcle quizzes.
OR
Log In

Show Comments

Extras

Created Dec 10, 2018ReportNominate
Tags:champion, cup, Swiss

Top Quizzes Today


Score Distribution

Your Account Isn't Verified!

In order to create a playlist on Sporcle, you need to verify the email address you used during registration. Go to your Sporcle Settings to finish the process.

Report this User

Report this user for behavior that violates our Community Guidelines.

Details: